000 00915cam a22002897a 4500
003 CHAP
005 20220817042413.0
008 971013s1943 r 00010 d
010 _a43680
011 _a44652
035 _a48790
040 _cCHAP
082 _a337.9172073
_bM4 1942
110 _aMéxico. Tratados, acuerdos, etc.
_977263
245 0 _aTratado de comercio México-Estados Unidos
260 _aMéxico, D.F. :
_bConferencia de Cámara Nacionales de Comercio,
_c1943
300 _a280 p.
590 _aBATCH-UPD
_b10
_c20130110
_lUCH01
_h1333
590 _aBATCH-UPD
_b10
_c20130410
_lUCH01
_h0837
590 _aBATCH-UPD
_b10
_c20130914
_lUCH01
_h1015
590 _aCONVERSION
_b10
_c20130109
_lUCH01
_h1324
650 0 4 _aMéxico
_xComercio
_zE.U.A.
650 1 4 _aComercio internacional.
_925641
901 _aBK
942 _cLIBRO
949 _a337.9172073 M4 1942
_bBC
_cBPA
_d-110309
_eBPA
_i48790
_si
999 _c43680
_d43680